000 00851nam a2200253 4500
001 99271
003 ES-MaACL
005 20250803092545.0
007 t|
008 050906s1983 sp a ||||1| spa d
020 _a84-85762-12-6
080 _a821.134.2-4"19"
100 1 _aMartín Gaite, Carmen,
_d1925-2000
_977496
245 1 3 _aEl cuento de nunca acabar
_b: apuntes sobre la narración, el amor y la mentira /
_cCarmen Martín Gaite ; ilustrado por Francisco Nieva.
250 _a3ª ed.
260 _aMadrid :
_bTrieste,
_c1983.
300 _a407 p., 4 h. :
_bil. col. ;
_c17 cm.
490 1 _aBiblioteca de autores españoles ;
_v5
700 1 _aNieva, Francisco.
_985727
830 0 0 _aBiblioteca de autores españoles (Trieste)
_v5
_9235635
852 4 _aES-MaACL
_jL-11086
942 _2udc
999 _c99271
_d99271